书目信息 |
| 题名: |
关塔那摩
|
|
| 作者: | 罗斯 著 ;许大壮 等译 | |
| 分册: | ||
| 出版信息: | 北京 世界知识出版社 2005 |
|
| 页数: | 145页 | |
| 开本: | 23cm | |
| 丛书名: | 国际书屋 | |
| 单 册: | ||
| 中图分类: | D815.7 | |
| 科图分类: | ||
| 主题词: | 战俘问题--调查报告--美国 , 国际关系 | |
| 电子资源: | ||
| ISBN: | 7-5012-2632-6 | |
| 000 | 01164nam0 2200301 450 | |
| 001 | TS-207532 | |
| 005 | 20061220105740.39 | |
| 010 | @a7-5012-2632-6@dCNY22.00 | |
| 100 | @a20060829d2005 em y0chiy0110 ea | |
| 101 | 1 | @achi@ceng |
| 102 | @aCN@b110000 | |
| 105 | @aa z 000yy | |
| 200 | 1 | @a关塔那摩@AGuan Ta Na Mo@e美国向人权开战@EMei Guo Xiang Ren Quan Kai Zhan@dGuantanmo@eAmerica's war on human rights@f(英)戴维·罗斯著@F( Ying ) Dai Wei· Luo Si Zhu@g许大壮等译@Gxu da zhuang deng yi@zeng |
| 210 | @a北京@c世界知识出版社@d2005 | |
| 215 | @a145页@c照片@d23cm | |
| 225 | 2 | @a国际书屋 |
| 330 | @a古巴关塔那摩是美国拘禁600名囚犯的地方,本书作者经过采访调查给我们讲述了惊人的内幕,提出反恐战争的首要问题是人权问题。 | |
| 410 | 0 | @1001002674609@12001 @a国际书屋 |
| 510 | 1 | @aGuantanmo@eAmerica's war on human rights@zeng |
| 517 | 1 | @a美国向人权开战@AMei Guo Xiang Ren Quan Kai Zhan |
| 606 | 0 | @a战俘问题@x调查报告@y美国 |
| 606 | 0 | @a国际关系 |
| 610 | 0 | @a美国虐囚事件 |
| 690 | @aD815.7@v4 | |
| 701 | 1 | @c(英)@a罗斯@ALuo Si@c(记者)@4著 |
| 702 | 0 | @a许大壮@AXu Da Zhuang@4等译 |
| 801 | 0 | @aCN@b中图数据@c20061220 |
| 905 | @a10447@dD815.7@e82 | |
| 关塔那摩:美国向人权开战=Guantanmo:America's war on human rights/(英)戴维·罗斯著/许大壮等译.-北京:世界知识出版社,2005 |
| 145页:照片;23cm.-(国际书屋) |
| ISBN 7-5012-2632-6:CNY22.00 |
| 古巴关塔那摩是美国拘禁600名囚犯的地方,本书作者经过采访调查给我们讲述了惊人的内幕,提出反恐战争的首要问题是人权问题。 |
| ● |
| 相关链接 |
|
|
|
|
正题名:关塔那摩
索取号:D815.7/82
 
预约/预借
| 序号 | 登录号 | 条形码 | 馆藏地/架位号 | 状态 | 备注 |
| 1 | 0602833 | 206028332 | 第一样本阅览室/ [索取号:D815.7/82] | 在馆 | |
| 2 | 0602834 | 206028341 | 第一借阅区/ [索取号:D815.7/82] | 在馆 | |
| 3 | 0602835 | 206028350 | 第一借阅区/ [索取号:D815.7/82] | 在馆 | |
| 4 | 0602836 | 206028369 | 第一借阅区/ [索取号:D815.7/82] | 在馆 | |
| 5 | 0602837 | 206028378 | 第一借阅区/ [索取号:D815.7/82] | 在馆 | |
| 6 | 0602838 | 206028387 | 第一借阅区/ [索取号:D815.7/82] | 在馆 |